<?xml version="1.0" encoding="UTF-8"?><?xml-stylesheet type="text/xsl" href="static/style.xsl"?><OAI-PMH xmlns="http://www.openarchives.org/OAI/2.0/" xmlns:xsi="http://www.w3.org/2001/XMLSchema-instance" xsi:schemaLocation="http://www.openarchives.org/OAI/2.0/ http://www.openarchives.org/OAI/2.0/OAI-PMH.xsd"><responseDate>2026-04-17T07:47:58Z</responseDate><request verb="GetRecord" identifier="oai:www.recercat.cat:2072/485264" metadataPrefix="marc">https://recercat.cat/oai/request</request><GetRecord><record><header><identifier>oai:recercat.cat:2072/485264</identifier><datestamp>2025-08-31T18:18:00Z</datestamp><setSpec>com_2072_98</setSpec><setSpec>col_2072_378192</setSpec></header><metadata><record xmlns="http://www.loc.gov/MARC21/slim" xmlns:dcterms="http://purl.org/dc/terms/" xmlns:xsi="http://www.w3.org/2001/XMLSchema-instance" xmlns:doc="http://www.lyncode.com/xoai" xsi:schemaLocation="http://www.loc.gov/MARC21/slim http://www.loc.gov/standards/marcxml/schema/MARC21slim.xsd">
   <leader>00925njm 22002777a 4500</leader>
   <datafield ind2=" " ind1=" " tag="042">
      <subfield code="a">dc</subfield>
   </datafield>
   <datafield ind2=" " ind1=" " tag="720">
      <subfield code="a">Lopez-Martinez, Helena</subfield>
      <subfield code="e">author</subfield>
   </datafield>
   <datafield ind2=" " ind1=" " tag="720">
      <subfield code="a">Vilalta, Victoria</subfield>
      <subfield code="e">author</subfield>
   </datafield>
   <datafield ind2=" " ind1=" " tag="720">
      <subfield code="a">Farjat-Pasos, J.</subfield>
      <subfield code="e">author</subfield>
   </datafield>
   <datafield ind2=" " ind1=" " tag="720">
      <subfield code="a">Ferrer-Sistach, Elena</subfield>
      <subfield code="e">author</subfield>
   </datafield>
   <datafield ind2=" " ind1=" " tag="720">
      <subfield code="a">Mohammadi, S.</subfield>
      <subfield code="e">author</subfield>
   </datafield>
   <datafield ind2=" " ind1=" " tag="720">
      <subfield code="a">Escabia, Claudia</subfield>
      <subfield code="e">author</subfield>
   </datafield>
   <datafield ind2=" " ind1=" " tag="720">
      <subfield code="a">Kalavrouziotis, D.</subfield>
      <subfield code="e">author</subfield>
   </datafield>
   <datafield ind2=" " ind1=" " tag="720">
      <subfield code="a">Resta, Helena</subfield>
      <subfield code="e">author</subfield>
   </datafield>
   <datafield ind2=" " ind1=" " tag="720">
      <subfield code="a">Borrellas, Andrea</subfield>
      <subfield code="e">author</subfield>
   </datafield>
   <datafield ind2=" " ind1=" " tag="720">
      <subfield code="a">Dumont, E.</subfield>
      <subfield code="e">author</subfield>
   </datafield>
   <datafield ind2=" " ind1=" " tag="720">
      <subfield code="a">Carrillo, Xavier</subfield>
      <subfield code="e">author</subfield>
   </datafield>
   <datafield ind2=" " ind1=" " tag="720">
      <subfield code="a">Paradis, J.M.</subfield>
      <subfield code="e">author</subfield>
   </datafield>
   <datafield ind2=" " ind1=" " tag="720">
      <subfield code="a">Fernandez-Nofrerias, Eduard</subfield>
      <subfield code="e">author</subfield>
   </datafield>
   <datafield ind2=" " ind1=" " tag="720">
      <subfield code="a">Delgado, Victoria</subfield>
      <subfield code="e">author</subfield>
   </datafield>
   <datafield ind2=" " ind1=" " tag="720">
      <subfield code="a">Rodés-Cabau, J.</subfield>
      <subfield code="e">author</subfield>
   </datafield>
   <datafield ind2=" " ind1=" " tag="720">
      <subfield code="a">Bayés-Genís, Antoni</subfield>
      <subfield code="e">author</subfield>
   </datafield>
   <datafield ind2=" " ind1=" " tag="720">
      <subfield code="a">Universitat Autònoma de Barcelona</subfield>
      <subfield code="e">author</subfield>
   </datafield>
   <datafield ind2=" " ind1=" " tag="260">
      <subfield code="c">2024</subfield>
   </datafield>
   <datafield ind2=" " ind1=" " tag="520">
      <subfield code="a">Aims: In low-risk patients with severe aortic stenosis (AS), sutureless surgical aortic valve replacement (SU-SAVR) may be an alternative to transcatheter aortic valve implantation (TAVI). The risk of heart failure hospitalization (HFH) after aortic valve replacement (AVR) in this population is incompletely characterized. This study aims to investigate the incidence, predictors, and outcomes of HFH in patients undergoing SU-SAVR versus TAVI. Methods and results: Patients referred for AVR between 2013 and 2020 at two centres were consecutively included. The decision for SU-SAVR or TAVI was determined by a multidisciplinary Heart Team. Cox regression and competing risk analysis were conducted to assess adverse events. Of 594 patients (mean age 77.5 ± 6.4, 59.8% male), 424 underwent SU-SAVR, while 170 underwent TAVI. Following a mean follow-up of 34.1 ± 23.1 months, HFH occurred in 112 (27.8%) SU-SAVR patients and in 8 (4.8%) TAVI patients (P &lt; 0.001). The SU-SAVR cohort exhibited higher all-cause mortality (138 [32.5%] patients compared with 30 [17.6%] in the TAVI cohort [P &lt; 0.001]). These differences remained significant after sensitivity analyses with 1:1 propensity score matching for baseline variables. SU-SAVR with HFH was associated with increased all-cause mortality (61.6% vs. 23.1%, P &lt; 0.001). Independent associates of HFH in SU-SAVR patients included diabetes, atrial fibrillation, chronic obstructive pulmonary disease, lower glomerular filtration rate and lower left ventricular ejection fraction. SU-SAVR patients with HFH had a 12-month LVEF of 59.4 ± 12.7. Conclusions: In low-risk AS, SU-SAVR is associated with a higher risk of HFH and all-cause mortality compared to TAVI. In patients with severe AS candidate to SU-SAVR or TAVI, TAVI may be the preferred intervention.</subfield>
   </datafield>
   <datafield ind1="8" ind2=" " tag="024">
      <subfield code="a">http://hdl.handle.net/2072/485264</subfield>
   </datafield>
   <datafield tag="653" ind2=" " ind1=" ">
      <subfield code="a">Aortic stenosis cardiomyopathy</subfield>
   </datafield>
   <datafield tag="653" ind2=" " ind1=" ">
      <subfield code="a">Aortic valve stenosis</subfield>
   </datafield>
   <datafield tag="653" ind2=" " ind1=" ">
      <subfield code="a">Heart failure</subfield>
   </datafield>
   <datafield tag="653" ind2=" " ind1=" ">
      <subfield code="a">Mortality</subfield>
   </datafield>
   <datafield tag="653" ind2=" " ind1=" ">
      <subfield code="a">Prostheses and implants</subfield>
   </datafield>
   <datafield ind2="0" ind1="0" tag="245">
      <subfield code="a">Heart failure hospitalization following surgical or transcatheter aortic valve implantation in low-risk aortic stenosis</subfield>
   </datafield>
</record></metadata></record></GetRecord></OAI-PMH>